000 00273nam a2200109Ia 4500
008 190216s9999||||xx |||||||||||||| ||und||
100 _aJohn V V &rees Aj
245 0 _aGraded &every Day Examples In Physics
260 _bMagmillan &co Ltd
300 _a347
942 _cBK
999 _c32656
_d32656